[Event "Asia-ch U20 (girls)"]
[Site "Chennai IND"]
[Date "2008.12.13"]
[Round "8"]
[White "Raghavi, Nagarajan"]
[Black "Sivasankari, P"]
[Result "0-1"]
[WhiteElo "2099"]
[BlackElo "2089"]
[EventDate "2008.12.05"]
[PlyCount "70"]

1.e4 c5 2.Nf3 e6 3.d3 Nc6 4.g3 g6 5.Bg2 Bg7 6.O-O Nge7 7.Re1 d5 8.Nbd2 O-O
9.e5 Qc7 10.Qe2 Nd4 11.Nxd4 cxd4 12.Nf3 Nc6 13.Bf4 Qb6 14.Rab1 Bd7 15.h4 
h5 16.g4 hxg4 17.Ng5 Nxe5 18.Bxe5 Bxe5 19.Qxe5 f6 20.Qf4 fxg5 21.Qxg5 Kg7 
22.h5 Rf6 23.h6+ Kf7 24.Qxg4 Rh8 25.Bxd5 Rxh6 26.Bg2 Rh5 27.Qg3 Qc5 28.b4 
Qf5 29.Be4 Bc6 30.Kf1 Bxe4 31.dxe4 Qb5+ 32.Qd3 Qe5 33.c3 Rh1+ 34.Ke2 Qh5+ 
35.f3 Rh2+ 0-1

[Event "Asia-ch U20 (girls)"]
[Site "Chennai IND"]
[Date "2008.12.13"]
[Round "8"]
[White "Uthra, P"]
[Black "Bharathi, R"]
[Result "0-1"]
[WhiteElo "2114"]
[BlackElo "2031"]
[EventDate "2008.12.05"]
[PlyCount "76"]

1.d4 d5 2.c4 e6 3.Nc3 Nf6 4.Bg5 Be7 5.Nf3 h6 6.Bh4 O-O 7.e3 b6 8.Bxf6 Bxf6
9.cxd5 exd5 10.b4 c6 11.Be2 Be6 12.O-O a5 13.bxa5 Rxa5 14.Qb3 Nd7 15.Rad1 
Qa8 16.a4 Rc8 17.Ne1 g6 18.f4 c5 19.Nf3 Bg7 20.Ne5 Nxe5 21.fxe5 cxd4 22.
exd4 Bxe5 23.dxe5 d4 24.Qxb6 dxc3 25.Bb5 c2 26.Rc1 Qa7 27.Qf2 Bb3 28.Qxa7 
Rxa7 29.Rf2 Re7 30.e6 Rd8 31.exf7+ Rxf7 32.Re2 Rd1+ 33.Re1 Rf8 34.h3 Rfd8 
35.Be2 Rxc1 36.Rxc1 Rd1+ 37.Bxd1 cxd1=Q+ 38.Rxd1 Bxd1 0-1